01117nam a2200289 i 4500001001000000003000900010005001700019007000300036008004100039020001800080040003000098082002800128110009600156245008800252246004600340264003500386300004400421336002700465337003300492338002800525504003400553650004300587650005500630650004000685700003100725710007100756000002014DO-SdBNP20250529125831.0ta090630s2007 dr a r 000 0 spa d a9789945860719 aDO-SdBNPbspacBNPHUerda 4a633.74bR426c, 20072222 aRepública Dominicana.bInstituto Dominicano de Investigaciones Agropecuarias y Forestales10aCacao :bresultados de investigación /cpresentación, Rafael Pérez Duvergé.10aResultados de investigaciónfMarzo 2007 1aSanto Domingo :bIDIAF,c2007. a48 páginas :bilustraciones ;c23 cm. atextobtxt2rdacontent asin mediaciónbn2rdamedia avolumenbnc2rdacarrier aBibliografía : páginas 48 4aCacaoxCultivozRepública Dominicana 4aInvestigación agrícolazRepública Dominicana 4aAgriculturazRepública Dominicana1 aPérez Duvergé, Rafael,2 aInstituto Dominicano de Investigaciones Agropecuarias y Forestales